Gestión curricular de la escuela para el logro de aprendizajes significativos de estudiantes con necesidades educativas especiales transitorias. Investigación
Guardat en:
| Autor principal: | |
|---|---|
| Autor corporatiu: | , |
| Format: | Llibre |
| Idioma: | espanyol |
| Publicat: |
Talca
Ministerio de Educación
2009
|
| Matèries: | |
| Etiquetes: |
Afegir etiqueta
Sense etiquetes, Sigues el primer a etiquetar aquest registre!
|
MARC
| LEADER | 00000nam a2200000 a 4500 | ||
|---|---|---|---|
| 001 | UCH3388 | ||
| 003 | CL-VaPUC | ||
| 008 | 090723e20090000CL |||||||||||||||||spa|d | ||
| 082 | 0 | 4 | |a 371.9123 |b PIN |2 21 |
| 100 | 0 | |a Pinto Guevara, Arturo Rubén |e author |9 538705 | |
| 110 | 2 | |a FONIDE |e author |9 538706 | |
| 710 | 2 | |a Ministerio de Educación |e author |9 538707 | |
| 245 | 1 | 0 | |a Gestión curricular de la escuela para el logro de aprendizajes significativos de estudiantes con necesidades educativas especiales transitorias. Investigación |
| 300 | |a 64 p | ||
| 942 | |c BK | ||
| 945 | |d 20090723 00:00:00 |a dcastane | ||
| 260 | |a Talca |b Ministerio de Educación |c 2009 | ||
| 650 | 0 | |a Investigación educacional |9 261192 | |
| 650 | 0 | |a Educación |9 258661 | |
| 650 | 0 | |a Docentes |9 311365 | |
| 650 | 0 | |a Formación docente |9 494449 | |
| 650 | 7 | |a GESTION CURRICULAR |2 CL-VaPUC |9 538708 | |
| 583 | |a last modification |c 20090723 00:00:00 |k Rodrigo Vera | ||
| 999 | |c 334957 |d 334955 | ||
| 952 | |0 0 |1 0 |4 0 |6 371_912300000000000_PIN_2009 |7 0 |8 A |9 424392 |a BIBEDU |b BIBEDU |c ES_NOD |d 2019-11-22 |i 457897K |l 3 |o 371.9123 PIN 2009 |p 457897K |r 2023-08-09 |s 2023-06-08 |w 2019-11-22 |y BK |k EDU | ||